| 000 | 00634nam a2200217 u 4500 | ||
|---|---|---|---|
| 005 | 20221008064256.0 | ||
| 008 | 120731s2004 es r 000 0 spa d | ||
| 020 | _a8493244201 | ||
| 035 | _aUPN01000185762 | ||
| 049 | _aCG | ||
| 050 | 4 |
_aN7113 D3 _bA5.7 |
|
| 100 | 1 | _aAnderson, Robert | |
| 245 | 1 | 0 |
_aSalvador Dalí / _cRobert Anderson ; tr. Ana Giralt Jordá. |
| 260 |
_aBarcelona, Esp. : _bBlume, _c2004. |
||
| 300 |
_a46 p. : _bil. col. |
||
| 440 | 3 | _aLos artistas en su mundo | |
| 600 | 1 | 4 |
_aDALI, SALVADOR, _d1904-1989 _912919 |
| 650 | 7 |
_aPintores españoles _vBiografía _2 _97738 |
|
| 905 | _aLibro | ||
| 999 |
_c157865 _d157865 |
||